| 000 | 00672nam a2200217Ia 4500 | ||
|---|---|---|---|
| 003 | GCL | ||
| 008 | 140319s9999 xx 000 0 ara d | ||
| 040 |
_aGCL / _cGCL |
||
| 082 | 0 | 4 |
_a823.03 _bد ط |
| 100 | 1 | _aدينق، فرانسيس | |
| 245 | 1 | 0 |
_aطائر الشؤم / _cدينق، فرانسيس |
| 700 | 1 | _aعبدالله احمد النعيم | |
| 260 |
_a[S.N] : _bمبدلات المحدوده ، _c1992 |
||
| 300 | _a282 ص | ||
| 490 | _a | ||
| 650 | 0 | 4 | _aالقصص الانجليزية المترجمة |
| 650 | 0 | 4 | _aالسودان |
| 650 | 0 | 4 | _aجنوب السودان |
| 650 | 0 | 4 | _aالقصص السودانية المترجمة |
| 942 |
_2ddc _cBK |
||
| 999 |
_c56134 _d56134 |
||